A Complete Guide to Fashion Designing (Record no. 2224)

MARC details
000 -LEADER
fixed length control field 00339nam a2200133Ia 4500
008 - FIXED-LENGTH DATA ELEMENTS--GENERAL INFORMATION
fixed length control field 191201s2006 xx 000 0 und d
082 ## - DEWEY DECIMAL CLASSIFICATION NUMBER
Classification number 677.7
Item number DOC
100 ## - MAIN ENTRY--PERSONAL NAME
Personal name DOVIS, Jenny
245 #2 - TITLE STATEMENT
Title A Complete Guide to Fashion Designing
260 ## - PUBLICATION, DISTRIBUTION, ETC. (IMPRINT)
Place of publication, distribution, etc New Delhi
Name of publisher, distributor, etc Abhishek Publisher
Date of publication, distribution, etc 2006
300 ## - PHYSICAL DESCRIPTION
Extent 232
650 ## - SUBJECT ADDED ENTRY--TOPICAL TERM
Topical term or geographic name as entry element B.Tech(TE)
942 ## - ADDED ENTRY ELEMENTS (KOHA)
Source of classification or shelving scheme Dewey Decimal Classification
Koha item type Text Books
Holdings
Withdrawn status Lost status Source of classification or shelving scheme Damaged status Not for loan Collection code Home library Current library Date acquired Source of acquisition Cost, normal purchase price Bill Number Total Checkouts Full call number Acc. no. / Barcode Date last seen Date last borrowed Bill Date Koha item type Checked out
    Dewey Decimal Classification     B.Tech(TE) PIET C-LIBRARY PIET C-LIBRARY 25/08/2006 Chandi Garh Abhishek Publisher 495.00 7984 1 677.7 DOC 4146 24/02/2020 07/02/2020 09/02/2006 Text Books  
    Dewey Decimal Classification     B.Tech(TE) PIET C-LIBRARY PIET C-LIBRARY 25/08/2006 Chandi Garh Abhishek Publisher 495.00 7984   677.7 DOC 4147 04/12/2019   09/02/2006 Text Books  
    Dewey Decimal Classification     B.Tech(TE) PIET C-LIBRARY PIET C-LIBRARY 25/08/2006 Chandi Garh Abhishek Publisher 495.00 7984   677.7 DOC 4148 04/12/2019   09/02/2006 Text Books  
    Dewey Decimal Classification     B.Tech(TE) PIET C-LIBRARY PIET C-LIBRARY 25/08/2006 Chandi Garh Abhishek Publisher 495.00 7984 2 677.7 DOC 4149 18/11/2023 18/11/2023 09/02/2006 Text Books 16/05/2024
    Dewey Decimal Classification     B.Tech(TE) PIET C-LIBRARY PIET C-LIBRARY 25/08/2006 Chandi Garh Abhishek Publisher 495.00 7984   677.7 DOC 4150 04/12/2019   09/02/2006 Text Books  

Design & Developed by: PIET Central Library
R70 Miles Stone Pattikalyana Samalkha Panipat 132102
mail ID :- [email protected], Phone No:- 0180-2569700 Ex.216